| 000 | 02149cam a22004574i 4500 | ||
|---|---|---|---|
| 003 | PE-LiUPU | ||
| 005 | 20260203121841.0 | ||
| 008 | 150617s r 000 0 d | ||
| 035 | _a(Sirsi) a10282 | ||
| 040 |
_aPE-LiUPU _bspa _cPE-LiUPU _erda |
||
| 049 | _aPRUA | ||
| 082 | 0 | 4 |
_a220.13 _bL61 _221 |
| 100 | 1 |
_aLickey, Arthur E., _eautor. |
|
| 245 | 1 | 0 |
_aGod speaks to modern man / _cArthur E. Lickey. |
| 264 | 1 |
_aWashington : _bReview and herald publishing, _c1952. |
|
| 300 |
_a635 páginas ; _c17 cm. |
||
| 336 |
_atext _2rdacontent |
||
| 337 |
_aunmediated _2rdamedia |
||
| 338 |
_avolume _2rdacarrier |
||
| 505 | 0 | _aMan's questions about god -- Where is God? -- Gods first answer to modern man -- What kind of God can modern man worship? -- What would God do? -- Did God create Evil? -- Who was the first sinner? -- The first sin and eve sin? -- Satans five-point method of attack -- What is Gods remedy for sin? -- What the bible is -- What men say about the bible -- How the bible came to us -- Is the history of the bible true? -- When stones speak -- Other evidence -- Are the prophedies of the bible reliable? -- What about Noah and the flood? -- How to understand the bible -- God speaks to man about christ -- God speaks through the prophecy of Daniel -- God speaks concerning heavens gevernment for man -- God speaks concernig Divine healing and healhful living. | |
| 526 | _aSEG42 | ||
| 526 | _aSEG41 | ||
| 526 | _aSEG40 | ||
| 526 | _aSEG39 | ||
| 526 | _aP94 | ||
| 526 | _aP87 | ||
| 526 | _aP86 | ||
| 526 | _aP85 | ||
| 526 | _aP77 | ||
| 526 | _aP76 | ||
| 526 | _aP35 | ||
| 650 | 0 | 4 |
_aREVELACIÓN EN LA BIBLIA. _94406 |
| 650 | 0 | 0 |
_aSalvación _9870 |
| 910 |
_ajck _bjvq _cjck _d20150616 |
||
| 942 |
_2ddc _cBOOK |
||
| 949 |
_a220.13 L61 _wDEWEY _c1 _i10936 _lCCODEBUL1 _mBUL _p00.00 _r0 _sY _tBOOK _u19930505 _xTEOLOGIA _PP35 _0COMPRA _o.STAFF. Colección General |
||
| 994 |
_aC0 _bPEPRU |
||
| 596 | _a1 | ||
| 999 |
_a220.13 L61 _wDEWEY _c311 _i10936 _f2021-11-9 _g5 _lCCODEBUL1 _mBUL _r0 _sY _tBOOK _u2015-6-17 _xTEOLOGIA _PP35 _0COMPRA _o.STAFF. Colección General _d311 |
||
| 980 |
_818226 _gJaime Vilcazán Jefe de Análisis Documental |
||